000 00955cpcaa2200277 4500
001 mm 80002446
003 DLC
005 20260227111701.0
008 800602|||||||||||| eng
010 _amm 80002446
040 _aDLC
_cDLC
_edacs
_dDLC
072 7 _aN
_2lcmd
100 1 _aChase, Dudley,
_d1771-1846.
245 0 0 _aDudley Chase family papers,
_f1773-1927.
300 _a64
_fitems.
506 0 _aOpen to research.
533 _aIn part, handwritten and typewritten transcripts.
_b[S.l.].
545 0 _aU.S. senator of Vermont and jurist.
546 _aCollection material in English.
580 _aForms part of: Miscellaneous Manuscripts collection.
600 3 0 _aChase family.
656 7 _aJurists.
_2itoamc
656 7 _aSenators, U.S. Congress
_zVermont.
_2itoamc
999 _c42612
_d42612